Personálny rozvoj, jeho plánovanie a adaptácia pracovníkov v podmienkach n.p. Pozemné stavby Banská Bystrica záverečná práca postgraduálneho štúdia

Saved in:
Bibliographic Details
Main Author: Osif, Emil
Corporate Author: Vysoká škola ekonomická v Bratislave
Other Authors: Lubelec, Libor
Format: Book
Language:Slovak
Published: Bratislava 1988
Tags: Add Tag
No Tags, Be the first to tag this record!

MARC

LEADER 00000nam a2200000 4500
001 c039020
005 20221219091947.3
041 0 |a slo 
044 |a SK 
245 1 0 |a Personálny rozvoj, jeho plánovanie a adaptácia pracovníkov v podmienkach n.p. Pozemné stavby Banská Bystrica  |b záverečná práca postgraduálneho štúdia  |c Emil Osif ; Ved. práce Libor Lubelec 
264 1 |a Bratislava  |c 1988 
300 |a 63 s. 
100 1 |a Osif, Emil 
700 1 |a Lubelec, Libor 
710 2 |a Vysoká škola ekonomická v Bratislave